| 000 | 00555nam a2200169Ia 4500 | ||
|---|---|---|---|
| 008 | 211104s9999 xx 000 0 und d | ||
| 020 | _a9788131734483 | ||
| 041 | _aENGLISH | ||
| 082 | _a621.3815 Q1 FLO | ||
| 100 | _aTHOMAS L FLOYD | ||
| 245 | 0 | _aDIGITAL FUNDAMENTALS | |
| 250 | _a10 | ||
| 260 |
_c2011 _bPEARSON EDUCATION |
||
| 300 | _a659 | ||
| 650 | _aCOMPONENTS AND CIRCUITS [Analysis, Design, Integrated Circuits (LIC & DIC), Thin Film Circuits, Microelectronic Circuits, Analog, Digital, Pulse, Switching, Digital Filters, Logic] | ||
| 942 | _cBK | ||
| 999 |
_c9313 _d9313 |
||